Las reformas de la ciudad y sus tres factores esenciales (Record no. 76228)

MARC details
000 -LEADER
campo de control de longitud fija 00689nam a2200169 i 4500
001 - NÚMERO DE CONTROL
campo de control 76228
003 - IDENTIFICADOR DE NÚMERO DE CONTROL
campo de control ES-MaACL
005 - FECHA Y HORA DE LA ÚLTIMA TRANSACCIÓN
campo de control 20230906172749.0
007 - CAMPO FIJO DE DESCRIPCIÓN FÍSICA--INFORMACIÓN GENERAL
campo de control de longitud fija t|
008 - DATOS DE LONGITUD FIJA--INFORMACIÓN GENERAL
campo de control de longitud fija 040930s1915 sp ||||1| spa d
100 1# - ENTRADA PRINCIPAL--NOMBRE DE PERSONA
Nombre de persona Guerrero, Tomás F.
9 (RLIN) 60568
245 14 - MENCIÓN DEL TÍTULO
Título Las reformas de la ciudad y sus tres factores esenciales
Resto del título : mejoras, equidad, justicia /
Mención de responsabilidad, etc. Tomás F. Guerrero.
260 ## - PUBLICACIÓN, DISTRIBUCIÓN, ETC.
Lugar de publicación, distribución, etc. Sevilla :
Nombre del editor, distribuidor, etc. [s.n.,
Fecha de publicación, distribución, etc. 1915] (
Fabricante Arevalo Papelería Sevillana)
300 ## - DESCRIPCIÓN FÍSICA
Extensión 50 p. ;
Dimensiones 20 cm.
500 ## - NOTA GENERAL
Nota general En la cubierta: La Exposición Hispano-Americana, Ante los sevillanos, La reforma de Sevilla: apreciación y refutación de la memoria del Señor conde de Colombí.
852 ## - LOCALIZACIÓN
Ubicación ES-MaACL
Número de control de estantería T-1464-F-2
Holdings
Estatus retirado Estado de pérdida Estado de daño No para préstamo Colección Biblioteca de origen Biblioteca actual Ubicación en estantería Fecha de adquisición Fuente de adquisición Total de préstamos Signatura topográfica completa Código de barras Visto por última vez Precio de reemplazo Tipo de ítem Koha
        Colección de folletos Biblioteca del Ateneo de Madrid Biblioteca del Ateneo de Madrid Depósito folletos 17/01/2008     T-1464-F-2 1079778 23/02/2023 23/02/2023 Folleto